000 00348nam a2200133Ia 4500
005 20260326100042.0
008 260326s9999||||xx |||||||||||||| ||und||
100 _aBuisseret, David
245 0 _aHistoric Architecture of the Caribbean /
_cDavid Buisseret
260 _bHeinemann
300 _a93 p.
650 _aARQUITECTURA REGIONAL
942 _cBK
999 _c7054
_d7054